گو ڈ سے کی ا و لا د: بھا ر ت مين بھگو ا د ھشت گر د ی (Record no. 87404)
[ view plain ]
| 000 -LEADER | |
|---|---|
| fixed length control field | 00933nam a22002417a 4500 |
| 005 - DATE AND TIME OF LATEST TRANSACTION | |
| control field | 20140825152548.0 |
| 008 - FIXED-LENGTH DATA ELEMENTS--GENERAL INFORMATION | |
| fixed length control field | 140714b xxu||||| |||| 00| 0 Urdu d |
| 010 ## - LCCN (DPL NO) | |
| LC control number | UR-143 |
| 020 ## - INTERNATIONAL STANDARD BOOK NUMBER | |
| Terms of availability | 300.00 |
| International Standard Book Number | 108172210574 |
| 035 ## - SYSTEM CONTROL NUMBER | |
| System control number | U-143 |
| 037 ## - SOURCE OF ACQUISITION | |
| Source of stock number/acquisition | BPPD/Pub/Ven |
| 040 ## - CATALOGING SOURCE | |
| Original cataloging agency | DPL |
| Language of cataloging | Urdu |
| 082 ## - DEWEY DECIMAL CLASSIFICATION NUMBER | |
| Classification number | 303.625 |
| 100 ## - MAIN ENTRY--PERSONAL NAME | |
| Personal name | سبھا ش گتا ڑ ے |
| 245 ## - TITLE STATEMENT | |
| Title | گو ڈ سے کی ا و لا د: بھا ر ت مين بھگو ا د ھشت گر د ی |
| Statement of responsibility, etc | سبھا ش گتا ڑ ے |
| 246 ## - VARYING FORM OF TITLE | |
| Title proper/short title | Godse ki aulad :Bharat mein Bhagva Dahshat Gardi |
| Remainder of title | bySubhash Gatade |
| 260 ## - PUBLICATION, DISTRIBUTION, ETC. (IMPRINT) | |
| Name of publisher, distributor, etc | pharos media and Publishing Pvt. Ltd. |
| Date of publication, distribution, etc | 2013 |
| 260 ## - PUBLICATION, DISTRIBUTION, ETC. (IMPRINT) | |
| Name of publisher, distributor, etc | k.K.P. (Vender) |
| 270 ## - ADDRESS | |
| Address | D-84Abul Fazal Enclave- I,Jamia Nagar |
| City | New Delhi |
| 270 ## - ADDRESS | |
| Address | 4806/24,Bharat Ram Road ,Dariya Ganj, |
| City | New Delhi (Vender) |
| Postal code | 110002 |
| Telephone number | 011 64527574,Fax47340207,M:9213116968- |
| 300 ## - PHYSICAL DESCRIPTION | |
| Extent | 388ص |
| Dimensions | 22Cm (Hb) |
| 942 ## - ADDED ENTRY ELEMENTS (KOHA) | |
| Source of classification or shelving scheme | Dewey Decimal Classification |
| Item type | Urdu Bks |
| Edition | |
| Classification part | 303.625 |
| Call number suffix | س ب ھ |
No items available.
